书目信息 |
| 题名: |
商人的社会责任= Social responsibilities of the businessman
|
|
| 作者: | 鲍恩, 著 ;肖红军, , 王晓光 , 周国银 译 | |
| 分册: | ||
| 出版信息: | 北京 经济管理出版社 2015.10 |
|
| 页数: | 235页 | |
| 开本: | 24cm | |
| 丛书名: | ||
| 单 册: | ||
| 中图分类: | F272-05 | |
| 科图分类: | ||
| 主题词: | 企业责任--qi ye ze ren--社会责任--研究 | |
| 电子资源: | ||
| ISBN: | 978-7-5096-4036-4 | |
| 000 | 01365nam0 2200313 450 | |
| 001 | 0100195258 | |
| 005 | 20201116171810.49 | |
| 010 | @a978-7-5096-4036-4@dCNY58.00 | |
| 100 | @a20160125d2015 em y0chiy50 ea | |
| 101 | 1 | @achi@ceng |
| 102 | @aCN@b110000 | |
| 105 | @ay a 000yy | |
| 106 | @ar | |
| 200 | 1 | @a商人的社会责任= Social responsibilities of the businessman@Ashang ren de she hui ze ren=Social responsibilities of the businessman@d= Social responsibilities of the businessman@f(美) 霍华德·R.鲍恩著@F( mei ) huo hua de R. bao en zhu@g肖红军, 王晓光, 周国银译@Gxiao hong jun , wang xiao guang , zhou guo yin yi@zeng |
| 210 | @a北京@c经济管理出版社@d2015.10 | |
| 215 | @a235页@d24cm | |
| 320 | @a有书目 | |
| 330 | @a本书主要内容包括: 引言 ; 经济目标 ; 企业社会责任与自由放任主义 ; 当代资本主义商业决策的社会层面 ; 新教徒商人的社会责任观点 ; 美国商人的社会责任观点 ; 美国商人的具体社会责任观点等。 | |
| 500 | 10 | @aSocial responsibilities of the businessman@mChinese |
| 540 | @a商人的社会责任 | |
| 606 | 0 | @a企业责任@Aqi ye ze ren@x社会责任@x研究 |
| 690 | @aF272-05@v5 | |
| 701 | 1 | @a鲍恩,@Abao en@b霍华德·R@4著 |
| 702 | 0 | @a肖红军,@Axiao hong jun@f1977-@4译 |
| 702 | 0 | @a王晓光@Awang xiao guang@4译 |
| 702 | 0 | @a周国银@Azhou guo yin@4译 |
| 801 | @aCN | |
| 901 | @a21 | |
| 905 | @a河南城建学院图书馆@b1294172-4@dF272-05@eH967@f3 | |
| 商人的社会责任= Social responsibilities of the businessman= Social responsibilities of the businessman/(美) 霍华德·R.鲍恩著/肖红军, 王晓光, 周国银译.-北京:经济管理出版社,2015.10 |
| 235页;24cm |
| ISBN 978-7-5096-4036-4:CNY58.00 |
| 本书主要内容包括: 引言 ; 经济目标 ; 企业社会责任与自由放任主义 ; 当代资本主义商业决策的社会层面 ; 新教徒商人的社会责任观点 ; 美国商人的社会责任观点 ; 美国商人的具体社会责任观点等。 |
| ● |
| 相关链接 |
|
|
|
正题名:商人的社会责任= Social responsibilities
索取号:F272-05/H967
 
预约/预借
| 序号 | 登录号 | 条形码 | 馆藏地/架位号 | 状态 | 备注 |
| 1 | 1294172 | 212941726 | 社科库409/409社科库 87排3列5层/ [索取号:F272-05/H967] | 在馆 | |
| 2 | 1294173 | 212941733 | 社科二线422/422社科库 30排1列2层/ [索取号:F272-05/H967] | 在馆 | |
| 3 | 1294174 | 212941740 | 社科二线422/422社科库 30排1列2层/ [索取号:F272-05/H967] | 在馆 |